000 01162cam a22003377a 4500
003 CHAP
005 20220329135623.0
008 971013s1988 r 00010 d
010 _a39433
011 _a40405
035 _a44530
040 _cCHAP
090 _aTesis
100 0 0 _aMontaño Martínez, Jesús.
_977752
245 1 3 _aLa importancia de la seguridad integral para la empres
260 _aMéxico, D.F. :
_bEl autor,
_c1988
300 _a171 h
502 _aTesis (Lic. en Administración) -- Universidad Tecnológica de México. Facultad de Administración y Ciencias Sociales
590 _aALEPH
_b10
_c20130110
_lUCH01
_h1307
590 _aBATCH-UPD
_b10
_c20130110
_lUCH01
_h0102
590 _aBATCH-UPD
_b10
_c20130110
_lUCH01
_h1147
590 _aBATCH-UPD
_b10
_c20130409
_lUCH01
_h2052
590 _aBATCH-UPD
_b10
_c20130410
_lUCH01
_h0732
590 _aBATCH-UPD
_b10
_c20130913
_lUCH01
_h1942
590 _aCONVERSION
_b10
_c20130109
_lUCH01
_h1322
650 1 4 _aAdministración de empresas.
_9922
650 1 4 _aIndustria
_xMedidas de seguridad.
_957749
901 _aBK
942 _cTESIS
949 _bBC
_cTES
_d-101986
_eTS1
_h20473
_i44530
_si
999 _c39433
_d39433